Statistics for Enemies of America

Click here to take the quiz!

General Stats

  • This quiz has been taken 54 times
  • The average score is 17 of 23

Answer Stats

HintAnswer% Correct
EuropeRussia
100%
AsiaAfghanistan
93%
AsiaChina
93%
EuropeBelarus
91%
AsiaIran
91%
AsiaNorth Korea
91%
South AmericaVenezuela
91%
AsiaIraq
89%
AfricaLibya
84%
AsiaPakistan
84%
AsiaSyria
84%
North AmericaCuba
78%
North AmericaNicaragua
71%
EuropeSerbia
71%
AfricaSudan
71%
AsiaYemen
71%
South AmericaBolivia
67%
AfricaSomalia
62%
AsiaMyanmar
56%
AfricaAlgeria
51%
AsiaTurkmenistan
42%
AsiaMongolia
38%
AsiaKazakhstan
27%

Score Distribution

Percentile by Number Answered

Percent of People with Each Score

Your Score History

You have not taken this quiz